MARC

LEADER 00000nam0a2200000 4500
001 274704
005 20231101234744.0
035 |a (RuTPU)RU\TPU\book\297914 
090 |a 274704 
100 |a 20141107d1985 km y0rusy50 ca 
101 0 |a rus 
102 |a RU 
105 |a y z 001zy 
200 1 |a Рабочее время в капиталистических странах. Проблемы эксплуатации, безработицы и классовой борьбы  |f Академия наук СССР (АН СССР), Институт научной информации по общественным наукам (ИНИОН) ; под ред. В. А. Виноградова ; О. В. Сальковского 
210 |a Москва  |c Наука  |d 1985 
215 |a 288 с. 
320 |a Библиогр. в примеч.: 271-280 
320 |a Указ.: с. 281 
320 |a Предм.-тем. указ.: с. 282-286 
606 1 |a Труд в капиталистических странах  |x Экономика  |2 stltpush  |3 (RuTPU)RU\TPU\subj\61973  |9 79134 
606 1 |a Производительный и непроизводительный труд при капитализме  |2 stltpush  |3 (RuTPU)RU\TPU\subj\51957  |9 70456 
610 1 |a экономика 
610 1 |a капиталистические страны 
610 1 |a трудовая деятельность 
610 1 |a производственные отношения 
610 1 |a капитализм 
610 1 |a рабочее время 
610 1 |a безработица 
610 1 |a занятость 
686 |a У013.512  |v LBC/SL-A  |2 rubbk 
686 |a У824  |v LBC/SL-A  |2 rubbk 
702 1 |a Виноградов  |b В. А.  |4 340 
702 1 |a Сальковский  |b О. В.  |4 340 
712 0 2 |a Академия наук СССР (АН СССР)  |b Институт научной информации по общественным наукам (ИНИОН)  |c (Москва)  |2 stltpush  |3 (RuTPU)RU\TPU\col\11360 
801 1 |a RU  |b 63413507  |c 20141107 
801 2 |a RU  |b 63413507  |c 20170328  |g RCR 
942 |c BK